| 000 | 00474cam a22001337a 4500 | ||
|---|---|---|---|
| 008 | 180718b1969 xxu||||| |||| 00| 0 eng d | ||
| 082 | _aB706x41 Un3r/app | ||
| 100 | _aScotland. Royal Commission on Local Government in Scotland | ||
| 245 | _aRoyal Commission on Local Government in Scotland, 1966-1969: appendices | ||
| 260 |
_aEdinburg _bHer Majesty's Stationery Office _c1969 |
||
| 300 | _a127+p. | ||
| 500 | _aChairman: Lord Wheatley | ||
| 700 | _aWheatley, Lord (Chairman) | ||
| 999 |
_c488121 _d488121 |
||